[Event "Parana Dos Orillas op"]
[Site "Parana"]
[Date "2022.09.30"]
[Round "2"]
[White "Brizuela, Nestor Gabriel"]
[Black "Terre, Marcelo"]
[Result "1-0"]
[WhiteElo "1641"]
[BlackElo "1867"]
[PlyCount "47"]
[EventDate "2022.09.30"]
[EventType "swiss"]
[EventRounds "6"]
[EventCountry "ARG"]
[SourceTitle "EXT 2023"]
[Source "ChessBase"]
[SourceDate "2022.10.05"]
[SourceVersion "1"]
[SourceVersionDate "2022.10.05"]
[SourceQuality "1"]

1. Nf3 Nf6 2. b3 e6 3. Bb2 d5 4. e3 Be7 5. d4 0-0 6. Bd3 b6 7. 0-0 Ba6 8. c4 Nbd7 9. Nbd2 c5 10. Rc1 Rc8 11. Qe2 Re8 12. Rfd1 Bf8 13. Ne5 Nxe5 14. dxe5 Nd7 15. cxd5 Bxd3 16. Qxd3 exd5 17. Nf3 Qc7 18. Qxd5 Rcd8 19. Qc4 h6 20. h3 Re6 21. Rd5 Rde8 22. Rcd1 Nb8 23. Qf4 Rg6 24. Nh4 1-0

[Event "Gualeguaychu Cup Baggio U2200"]
[Site "Gualeguaychu"]
[Date "2017.12.02"]
[Round "1.6"]
[White "Arancibia, Victor"]
[Black "Terre, Marcelo"]
[Result "0-1"]
[WhiteElo "1625"]
[BlackElo "1887"]
[PlyCount "80"]
[EventDate "2017.12.02"]
[EventType "swiss"]
[EventRounds "5"]
[EventCountry "ARG"]
[SourceTitle "EXT 2024"]
[Source "ChessBase"]
[SourceDate "2023.10.10"]
[SourceVersion "1"]
[SourceVersionDate "2023.10.10"]
[SourceQuality "1"]

1. d4 Nf6 2. Nf3 e6 3. e3 c5 4. c3 Nc6 5. Be2 Be7 6. Nbd2 d5 7. Nb3 c4 8. Nbd2 b5 9. 0-0 0-0 10. b4 a5 11. a3 axb4 12. cxb4 Bxb4 13. Qc2 Bd7 14. Rb1 Bxd2 15. Bxd2 Rb8 16. Ne5 Ne4 17. Nxc6 Bxc6 18. Bb4 Re8 19. f3 Nd6 20. Rbc1 Nf5 21. Qc3 Qf6 22. Rce1 Rbc8 23. Bd1 e5 24. dxe5 Qxe5 25. Qd2 Nxe3 26. Rf2 d4 27. Rfe2 Rcd8 28. Qc1 Qg5 29. Rf2 Qg6 30. Bc2 Nxc2 31. Rxe8+ Rxe8 32. Qxc2 c3 33. Qd1 Rd8 34. Bxc3 d3 35. Rd2 h6 36. Bb4 Qf5 37. Qc1 Qd5 38. Qc3 Qc4 39. Qb2 Qe6 40. Bc3 Qe1# 0-1

[Event "Entrerriano-ch"]
[Site "Argentina"]
[Date "2017.09.23"]
[Round "3"]
[White "Terre, Marcelo"]
[Black "Gonzalez, Alejandro1111"]
[Result "1-0"]
[WhiteElo "1920"]
[BlackElo "1400"]
[PlyCount "47"]
[EventDate "2017.09.22"]
[EventType "swiss"]
[EventRounds "6"]
[EventCountry "ARG"]
[SourceTitle "CBM 180 Extra"]
[Source "ChessBase"]
[SourceDate "2017.10.06"]
[SourceVersion "1"]
[SourceVersionDate "2017.10.06"]
[SourceQuality "1"]

1. d4 g6 2. c4 Bg7 3. e4 d6 4. Nc3 Nf6 5. h3 e5 6. d5 0-0 7. g4 Na6 8. Be3 b6 9. Nge2 Kh8 10. Ng3 Bd7 11. Be2 Ne8 12. Qd2 Bf6 13. 0-0-0 Nc5 14. h4 a5 15. g5 Be7 16. Rdf1 a4 17. f4 Qc8 18. f5 Nb3+ 19. axb3 axb3 20. Bd3 Ra5 21. h5 Qa8 22. fxg6 fxg6 23. Rxf8+ Bxf8 24. hxg6 1-0